<?xml version="1.0" encoding="UTF-8"?>
<record
    xmlns:xsi="http://www.w3.org/2001/XMLSchema-instance"
    xsi:schemaLocation="http://www.loc.gov/MARC21/slim http://www.loc.gov/standards/marcxml/schema/MARC21slim.xsd"
    xmlns="http://www.loc.gov/MARC21/slim">

  <leader>00874nam a2200217 i 4500</leader>
  <controlfield tag="001">179843</controlfield>
  <controlfield tag="003">ES-MaACL</controlfield>
  <controlfield tag="005">20250902004949.0</controlfield>
  <controlfield tag="008">120201s1924    sp           |||| | spa d</controlfield>
  <datafield tag="111" ind1="2" ind2=" ">
    <subfield code="a">Congreso Nacional del Comercio Espa&#xF1;ol en Ultramar</subfield>
    <subfield code="n">(1&#xBA;. </subfield>
    <subfield code="d">1923.</subfield>
    <subfield code="c">Madrid. </subfield>
    <subfield code="c">Sevilla)</subfield>
    <subfield code="9">149278</subfield>
  </datafield>
  <datafield tag="245" ind1="1" ind2="0">
    <subfield code="a">Conclusiones del Primer Congreso Nacional del Comercio Espa&#xF1;ol en Ultramar.</subfield>
  </datafield>
  <datafield tag="260" ind1=" " ind2=" ">
    <subfield code="a">Madrid : </subfield>
    <subfield code="b">[s.n.], </subfield>
    <subfield code="c">1924 (</subfield>
    <subfield code="f">Imp. del Ministerio de Estado)</subfield>
  </datafield>
  <datafield tag="300" ind1=" " ind2=" ">
    <subfield code="a">64 p. ; </subfield>
    <subfield code="c">23 cm.</subfield>
  </datafield>
  <datafield tag="490" ind1="1" ind2=" ">
    <subfield code="a">Publicaci&#xF3;n n. 92</subfield>
  </datafield>
  <datafield tag="594" ind1=" " ind2=" ">
    <subfield code="a">Precede al t&#xED;t.: Centro de Informaci&#xF3;n Comercial del Ministerio de Estado.</subfield>
  </datafield>
  <datafield tag="651" ind1=" " ind2="4">
    <subfield code="a">Espa&#xF1;a-</subfield>
    <subfield code="x">Comercio exterior-</subfield>
    <subfield code="z">Am&#xE9;rica.</subfield>
    <subfield code="9">149279</subfield>
  </datafield>
  <datafield tag="710" ind1="2" ind2=" ">
    <subfield code="a">Centro de Informaci&#xF3;n Comercial (Espa&#xF1;a)</subfield>
    <subfield code="9">149580</subfield>
  </datafield>
  <datafield tag="830" ind1="0" ind2=" ">
    <subfield code="a">Publicaci&#xF3;n n. 92</subfield>
    <subfield code="9">224547</subfield>
  </datafield>
  <datafield tag="852" ind1=" " ind2=" ">
    <subfield code="a">ES-MaACL</subfield>
    <subfield code="j">1667-F-30</subfield>
  </datafield>
  <datafield tag="999" ind1=" " ind2=" ">
    <subfield code="c">179843</subfield>
    <subfield code="d">179843</subfield>
  </datafield>
  <datafield tag="952" ind1=" " ind2=" ">
    <subfield code="0">0</subfield>
    <subfield code="1">0</subfield>
    <subfield code="4">0</subfield>
    <subfield code="7">0</subfield>
    <subfield code="8">Colecci&#xF3;n_de_folletos</subfield>
    <subfield code="a">ATENEOM</subfield>
    <subfield code="b">ATENEOM</subfield>
    <subfield code="c">DEPOF</subfield>
    <subfield code="d">2012-02-01</subfield>
    <subfield code="e">SC</subfield>
    <subfield code="l">0</subfield>
    <subfield code="o">1667-F-30</subfield>
    <subfield code="p">1188933</subfield>
    <subfield code="r">2023-02-23 00:00:00</subfield>
    <subfield code="w">2023-02-23</subfield>
    <subfield code="y">FOLLETOS</subfield>
  </datafield>
</record>
